| 000 | 00784cab a22002055a 4500 | ||
|---|---|---|---|
| 001 | L158250 | ||
| 008 | 141112e2014 xxk 000 0 eng d | ||
| 035 | _a(Sirsi) u158250 | ||
| 041 | 0 | _aeng | |
| 100 | 1 | _aDe Ferrars Green, Christine | |
| 245 | 0 | 0 | _aGarden Variety |
| 260 | _c2014 | ||
| 490 |
_aEstates Gazette _v(1444) 1 November 2014 84-86(2) |
||
| 520 | _aConsiders how best to deliver and manage community assets in new garden cities and settlements. With a case study of Alconbury Weald which is a new development of 5 000 new homes which include a full range of new community facilities and associated infrastructure. | ||
| 590 | _aKA | ||
| 651 | 4 |
_aEngland and Wales _y1543- |
|
| 690 |
_aSustainability _96271 |
||
| 690 |
_aPlanning and development _96259 |
||
| 942 | _n0 | ||
| 999 |
_c84543 _d84543 |
||